Bagaimana hidupan membesar
| Main Author: | |
|---|---|
| Format: | Book |
| Published: |
Kuala Lumpur :
Utusan Publications & DistributorsSdn.Bhd. ,
1994
|
| Series: | Siri Kemahiran Sains
|
| Subjects: |
MARC
| LEADER | 00000cam a2200000 7i4500 | ||
|---|---|---|---|
| 001 | 0000004174 | ||
| 002 | 000004490 | ||
| 005 | 20000330.0 | ||
| 020 | |a 9676104515 | ||
| 090 | 0 | 0 | |a J 507 |b KEM |
| 100 | 1 | |a Harlow, Rosie | |
| 245 | 1 | 0 | |a Bagaimana hidupan membesar |c Rosie Harlow dan Gareth Morgan |
| 260 | |a Kuala Lumpur : |b Utusan Publications & DistributorsSdn.Bhd. , |c 1994 | ||
| 300 | |a 40p. : |b ill ; |c 26cm. | ||
| 490 | 0 | |a Siri Kemahiran Sains | |
| 650 | 0 | 0 | |a Science |x Juvenile literature |
| 999 | |a 037321 |b BUKU |c JUNIOR REFERENCE |e PERPUSTAKAAN KOMUNITI PETALING JAYA | ||